[Event "SR 2. liga A 2010/2011"]
[Site "?"]
[Date "2010.10.23"]
[Round "3.5"]
[White "Mydlarik, Martin"]
[Black "Pericka, Tomas"]
[Result "1/2-1/2"]
[WhiteElo "2136"]
[BlackElo "1966"]
[PlyCount "82"]
[EventDate "2010.??.??"]
[WhiteTeam "Slovakia"]
[BlackTeam "II"]
[WhiteTeamCountry "SVK"]
[BlackTeamCountry "SVK"]

1. e4 c5 2. Nf3 Nc6 3. Bb5 g6 4. Bxc6 bxc6 5. O-O Nf6 6. e5 Nd5 7. c4 Nc7 8.
Nc3 Bg7 9. d3 O-O 10. Be3 Ne6 11. Ne4 Qb6 12. Rb1 Nd4 13. Nxc5 Nxf3+ 14. Qxf3
Qc7 15. d4 d6 16. exd6 exd6 17. Ne4 f5 18. Nc3 f4 19. Bd2 Bxd4 20. Nb5 cxb5 21.
Qd5+ Qf7 22. Qxd4 Qxc4 23. Qxd6 f3 24. Bh6 Bf5 25. Bxf8 Bxb1 26. Bh6 Bxa2 27.
Qe5 Qf7 28. gxf3 Re8 29. Qd4 Bc4 30. Ra1 a5 31. Rc1 a4 32. Kg2 Bd5 33. Rc3 Bc4
34. Re3 Rxe3 35. fxe3 Qe7 36. e4 Kf7 37. f4 a3 38. Qg7+ Ke8 39. Qxe7+ Kxe7 40.
bxa3 Ke6 41. h4 Be2 1/2-1/2

[Event "SR 2. liga A 2010/2011"]
[Site "?"]
[Date "2010.10.23"]
[Round "3.6"]
[White "Jozefek, Michal"]
[Black "Banasova, Katarina"]
[Result "1/2-1/2"]
[WhiteElo "1899"]
[BlackElo "2143"]
[PlyCount "108"]
[EventDate "2010.??.??"]
[WhiteTeam "Slovakia"]
[BlackTeam "II"]
[WhiteTeamCountry "SVK"]
[BlackTeamCountry "SVK"]

1. d4 Nf6 2. c4 e6 3. Nc3 Bb4 4. Qc2 b6 5. e4 Bxc3+ 6. bxc3 d6 7. f4 Bb7 8. Bd3
Nbd7 9. Nf3 Qe7 10. e5 Ng4 11. Be4 d5 12. cxd5 Bxd5 13. Bxd5 exd5 14. O-O Nh6
15. f5 O-O-O 16. Bg5 f6 17. Bxh6 gxh6 18. e6 Nb8 19. a4 Nc6 20. Qd3 Na5 21.
Rfb1 Kb7 22. Nd2 Qd6 23. Nb3 Nxb3 24. Rxb3 a6 25. a5 b5 26. Qe3 h5 27. Rf1 Qf8
28. Rf3 Qg7 29. Rg3 Qe7 30. Qf3 h4 31. Rg4 Kc6 32. Rxh4 Rhg8 33. Rg4 Qf8 34.
Rxg8 Qxg8 35. Qf4 Qg7 36. Rb2 Rg8 37. Re2 Qe7 38. h3 Rg5 39. Kh2 h5 40. Rf2 Kb7
41. Rf3 Qh7 42. Qe3 Qe7 43. Rf4 Kc6 44. h4 Rg7 45. Kh3 Qe8 46. Qf3 Rh7 47. g4
hxg4+ 48. Qxg4 Qh8 49. Rf3 Rg7 50. Qf4 Rg1 51. Kh2 Re1 52. Qg3 Re2+ 53. Kh3 Qh6
54. Qf4 Qh5 1/2-1/2

[Event "SR 2. liga A 2010/2011"]
[Site "?"]
[Date "2010.10.23"]
[Round "3.7"]
[White "Mruskovic, Radoslav"]
[Black "Diviak, Rastislav"]
[Result "1-0"]
[WhiteElo "1962"]
[BlackElo "2014"]
[PlyCount "72"]
[EventDate "2010.??.??"]
[WhiteTeam "Slovakia"]
[BlackTeam "II"]
[WhiteTeamCountry "SVK"]
[BlackTeamCountry "SVK"]

1. d4 d5 2. c4 e6 3. g3 c6 4. Nf3 Nf6 5. Bg2 Be7 6. O-O O-O 7. Nc3 Nbd7 8. Qc2
Re8 9. Rd1 Nf8 10. Bf4 Ng6 11. e4 Nxf4 12. gxf4 dxe4 13. Nxe4 Qc7 14. Ne5 Nxe4
15. Qxe4 f6 16. Nd3 Bd7 17. Rac1 Bd6 18. c5 Bf8 19. Rc3 Rad8 20. Ne1 g6 21. Nf3
Bg7 22. Bf1 e5 23. fxe5 fxe5 24. Bc4+ Be6 25. Bxe6+ Rxe6 26. d5 cxd5 27. Rxd5
Rxd5 28. Qxd5 Qc6 29. Qc4 Bf6 30. Rd3 Kg7 31. b4 a6 32. a4 b6 33. b5 axb5 34.
axb5 Qc8 35. c6 Re7 36. Nd2 e4 1-0

[Event "SR 2. liga A 2010/2011"]
[Site "?"]
[Date "2010.10.23"]
[Round "3.8"]
[White "Nemeckay, Rastislav"]
[Black "Kundrak, Vladimir"]
[Result "1/2-1/2"]
[WhiteElo "1770"]
[BlackElo "1961"]
[PlyCount "109"]
[EventDate "2010.??.??"]
[WhiteTeam "Slovakia"]
[BlackTeam "II"]
[WhiteTeamCountry "SVK"]
[BlackTeamCountry "SVK"]

1. e4 d5 2. exd5 Nf6 3. d4 Bg4 4. Be2 Bxe2 5. Nxe2 Qxd5 6. O-O Nc6 7. c3 O-O-O
8. Qb3 Qf5 9. Ng3 Qg6 10. f4 e6 11. Nd2 h5 12. f5 exf5 13. Nxf5 h4 14. Qd1 h3
15. g3 Rh5 16. Qf3 Re8 17. b4 Ne7 18. Nxe7+ Rxe7 19. Nc4 Qe4 20. Ne5 Qxf3 21.
Rxf3 Nd5 22. Nxf7 Re1+ 23. Kf2 Rh1 24. Ne5 Rxh2+ 25. Kg1 Rg2+ 26. Kh1 Bd6 27.
g4 Rh8 28. Rxh3 Rxh3+ 29. Kxg2 Rxc3 30. a3 Ne3+ 31. Bxe3 Rxe3 32. Nf3 Re2+ 33.
Kf1 Re4 34. g5 Be7 35. Ra2 Rg4 36. Rg2 Rxg2 37. Kxg2 a5 38. bxa5 Bxa3 39. Nh4
Be7 40. Nf5 Bxg5 41. Nxg7 Bd2 42. Kf3 Kd7 43. Ke4 Bxa5 44. Kd5 c6+ 45. Kc4 b5+
46. Kc5 Bb6+ 47. Kxb6 b4 48. Nh5 b3 49. Nf6+ Kd6 50. Ne4+ Kd5 51. Nd2 b2 52.
Nb1 Kxd4 53. Kxc6 Kd3 54. Kc5 Kc2 55. Na3+ 1/2-1/2

[Event "SR 2. liga A 2010/2011"]
[Site "?"]
[Date "2010.10.23"]
[Round "4.1"]
[White "Petreje, Juraj"]
[Black "Varga, David"]
[Result "1/2-1/2"]
[WhiteElo "2228"]
[BlackElo "2360"]
[PlyCount "76"]
[EventDate "2010.??.??"]
[WhiteTeam "Slovakia"]
[BlackTeam "II"]
[WhiteTeamCountry "SVK"]
[BlackTeamCountry "SVK"]

1. g3 Nf6 2. Bg2 g6 3. e4 d6 4. Ne2 Bg7 5. d4 O-O 6. O-O e5 7. Nbc3 Nc6 8. dxe5
Nxe5 9. b3 Re8 10. h3 Ned7 11. Be3 Qe7 12. Qd2 Nc5 13. Bxc5 dxc5 14. Rad1 c6
15. Qd6 Bd7 16. f4 Qxd6 17. Rxd6 Re6 18. Rfd1 Rxd6 19. Rxd6 Be6 20. g4 Re8 21.
e5 Nd7 22. Ng3 Nb6 23. Nge4 c4 24. Rd4 cxb3 25. axb3 Nd7 26. Ng5 Nf8 27. Ra4 f6
28. Nxe6 Nxe6 29. exf6 Bxf6 30. Ne4 Bg7 31. Nd6 Re7 32. Re4 Kf8 33. Nxb7 Nd4
34. Rxe7 Kxe7 35. Na5 Kd6 36. Kf2 Nxc2 37. Nxc6 Nd4 38. Nxd4 Bxd4+ 1/2-1/2

[Event "SR 2. liga A 2010/2011"]
[Site "?"]
[Date "2010.10.23"]
[Round "4.2"]
[White "Rachela, Jozef"]
[Black "Bronis, Marian"]
[Result "1/2-1/2"]
[WhiteElo "2072"]
[BlackElo "2136"]
[PlyCount "71"]
[EventDate "2010.??.??"]
[WhiteTeam "Slovakia"]
[BlackTeam "II"]
[WhiteTeamCountry "SVK"]
[BlackTeamCountry "SVK"]

1. e4 e6 2. d4 c5 3. d5 exd5 4. exd5 d6 5. Nf3 Nf6 6. Bb5+ Bd7 7. Bxd7+ Qxd7 8.
O-O Be7 9. c4 O-O 10. Nc3 Na6 11. b3 Nc7 12. Qd3 Rab8 13. Re1 Rfe8 14. Bd2 h6
15. Re2 Bf8 16. Rae1 Rxe2 17. Rxe2 Re8 18. Nh4 Qg4 19. Nf5 Rxe2 20. Nxe2 Qh5
21. Bf4 Nce8 22. Neg3 Qg4 23. Bc1 Nh5 24. h3 Qg6 25. Nxh5 Qxh5 26. Bb2 Qg5 27.
Ng3 Qe7 28. Qe4 g6 29. Kf1 Qxe4 30. Nxe4 f5 31. Nf6+ Nxf6 32. Bxf6 Kf7 33. Bc3
Bg7 34. Bxg7 Kxg7 35. Ke2 Kf6 36. Ke3 1/2-1/2

[Event "SR 2. liga A 2010/2011"]
[Site "?"]
[Date "2010.10.23"]
[Round "4.3"]
[White "Biro, Karol"]
[Black "Lehocky, Viktor"]
[Result "1-0"]
[WhiteElo "2132"]
[BlackElo "2075"]
[PlyCount "37"]
[EventDate "2010.??.??"]
[WhiteTeam "Slovakia"]
[BlackTeam "II"]
[WhiteTeamCountry "SVK"]
[BlackTeamCountry "SVK"]

1. d4 Nf6 2. Nf3 d5 3. c4 e6 4. Nc3 Be7 5. Bg5 O-O 6. e3 Nbd7 7. cxd5 exd5 8.
Qc2 c6 9. Bd3 h6 10. h4 Re8 11. O-O-O b5 12. Bf4 Qa5 13. g4 b4 14. g5 bxc3 15.
gxf6 cxb2+ 16. Kb1 Bxf6 17. Rdg1 Kh8 18. Qxc6 Nb6 19. Qxe8# 1-0

[Event "SR 2. liga A 2010/2011"]
[Site "?"]
[Date "2010.10.23"]
[Round "4.4"]
[White "Lesny, Stefan"]
[Black "Mandak, Miroslav"]
[Result "1-0"]
[WhiteElo "2100"]
[BlackElo "2069"]
[PlyCount "120"]
[EventDate "2010.??.??"]
[WhiteTeam "Slovakia"]
[BlackTeam "II"]
[WhiteTeamCountry "SVK"]
[BlackTeamCountry "SVK"]

1. e4 c6 2. f4 d5 3. e5 Bf5 4. Nf3 e6 5. d3 Nd7 6. Nc3 b5 7. Ne2 Bg4 8. Ng3 Be7
9. Be3 Bh4 10. Bf2 Ne7 11. Be2 Bxf3 12. Bxf3 O-O 13. Qd2 f6 14. exf6 Bxf6 15.
d4 Ng6 16. Ne2 Nh4 17. Bxh4 Bxh4+ 18. g3 Bf6 19. O-O c5 20. c3 Qb6 21. Rad1
Rac8 22. Kg2 Rc7 23. f5 cxd4 24. fxe6 Qxe6 25. Nxd4 Bxd4 26. Qxd4 Nf6 27. Bxd5
Nxd5 28. Qxd5 Qxd5+ 29. Rxd5 Rb8 30. Rf4 a5 31. Kf3 h6 32. Ke3 b4 33. c4 a4 34.
Kd4 Re8 35. Rf2 Re1 36. Rd2 Rc1 37. b3 Rc3 38. Rb2 axb3 39. axb3 Rb7 40. Kc5
Re3 41. Kc6 Ree7 42. Rb5 Rec7+ 43. Kd6 Rd7+ 44. Kc5 Rdc7+ 45. Kxb4 Ra7 46. Rf2
Ra1 47. h4 g6 48. Rb6 Kh7 49. Rff6 Rg7 50. c5 h5 51. Kb5 Raa7 52. Rf3 g5 53.
Rf5 gxh4 54. Rxh5+ Kg8 55. gxh4 Kf8 56. Rg5 Rgf7 57. Rg4 Ke8 58. h5 Kd7 59. h6
Rh7 60. Rg7+ Kc8 1-0

[Event "SR 2. liga A 2010/2011"]
[Site "?"]
[Date "2010.10.23"]
[Round "4.5"]
[White "Kebis, Milos"]
[Black "Merva, Frantisek"]
[Result "1-0"]
[WhiteElo "1994"]
[BlackElo "2038"]
[PlyCount "163"]
[EventDate "2010.??.??"]
[WhiteTeam "Slovakia"]
[BlackTeam "II"]
[WhiteTeamCountry "SVK"]
[BlackTeamCountry "SVK"]

1. c4 e6 2. Nf3 b6 3. Nc3 Bb7 4. d4 Bb4 5. a3 Bxc3+ 6. bxc3 Nf6 7. Bg5 h6 8.
Bh4 g5 9. Bg3 Ne4 10. Qc2 Nxg3 11. hxg3 f5 12. Qd2 Bxf3 13. exf3 Qf6 14. Bd3 c5
15. Bc2 Nc6 16. O-O-O cxd4 17. g4 f4 18. Kb1 Na5 19. Qxd4 Qxd4 20. Rxd4 Rc8 21.
Rhd1 Rc7 22. Ba4 Rh7 23. Bc2 Rg7 24. Bd3 Nb3 25. Re4 Nc5 26. Rd4 Nxd3 27. R1xd3
h5 28. gxh5 Rh7 29. g4 fxg3 30. fxg3 Rxh5 31. Kc2 Rh1 32. Rg4 Rh5 33. Rdd4 Kf7
34. Kd3 Kf6 35. Ke4 Rh1 36. Kd3 Rd1+ 37. Ke2 Rxd4 38. Rxd4 Kf5 39. Kd3 Ke5 40.
Re4+ Kf6 41. Rd4 Ke7 42. Kc2 e5 43. Rg4 Kf6 44. Re4 d6 45. Kb3 Rh7 46. Kb4 a6
47. a4 Rh1 48. Re3 Rb1+ 49. Ka3 Rg1 50. g4 Ke6 51. Kb3 Kd7 52. Rd3 Kc6 53. Rd2
Rh1 54. Rd3 Rh3 55. Kc2 Rh1 56. Rd2 Ra1 57. Kd3 d5 58. cxd5+ Kxd5 59. Ke3+ Ke6
60. Rb2 b5 61. axb5 axb5 62. Rxb5 Re1+ 63. Kd3 Rf1 64. Ke2 Rc1 65. Rb6+ Kd5 66.
Kd2 Rf1 67. Rf6 Rf2+ 68. Kd3 Rf1 69. Rf5 Ke6 70. c4 Rd1+ 71. Kc3 Rc1+ 72. Kb4
Rb1+ 73. Kc5 Rf1 74. Kc6 e4 75. fxe4 Rf4 76. Rxg5 Rxe4 77. c5 Kf6 78. Rd5 Rxg4
79. Kd6 Kf7 80. c6 Ke8 81. Re5+ Kf8 82. c7 1-0

[Event "SR 2. liga A 2010/2011"]
[Site "?"]
[Date "2010.10.23"]
[Round "4.6"]
[White "Ujhelyi, Matus"]
[Black "Povysil, Peter"]
[Result "1-0"]
[WhiteElo "2006"]
[BlackElo "2012"]
[PlyCount "63"]
[EventDate "2010.??.??"]
[WhiteTeam "Slovakia"]
[BlackTeam "II"]
[WhiteTeamCountry "SVK"]
[BlackTeamCountry "SVK"]

1. e4 e6 2. d4 d5 3. Nd2 Nc6 4. c3 e5 5. dxe5 dxe4 6. Bb5 Qd5 7. Qa4 Bd7 8.
Nxe4 a6 9. Be2 Nb4 10. Qd1 Qxe4 11. cxb4 O-O-O 12. Nf3 Bb5 13. Bd2 Bxb4 14. a4
Bc4 15. Rc1 Be6 16. O-O Ne7 17. Re1 Bxd2 18. Nxd2 Qxe5 19. Qc2 Rd7 20. Bb5 Rxd2
21. Qxd2 Qd5 22. Qc3 Qd6 23. Bc4 Bxc4 24. Qxc4 Nc6 25. Qxf7 Rf8 26. Re8+ Rxe8
27. Qxe8+ Nd8 28. Qh5 g6 29. Qxh7 b6 30. h3 Kb7 31. Qh4 Nc6 32. Qe4 1-0

[Event "SR 2. liga A 2010/2011"]
[Site "?"]
[Date "2010.10.23"]
[Round "4.7"]
[White "Nepras, Martin"]
[Black "Takacs, Laszlo"]
[Result "1/2-1/2"]
[WhiteElo "2008"]
[BlackElo "1921"]
[PlyCount "103"]
[EventDate "2010.??.??"]
[WhiteTeam "Slovakia"]
[BlackTeam "II"]
[WhiteTeamCountry "SVK"]
[BlackTeamCountry "SVK"]

1. d4 Nf6 2. c4 g6 3. Nc3 Bg7 4. Nf3 d6 5. Bg5 O-O 6. e3 Nbd7 7. Be2 c5 8. O-O
a6 9. Qc2 h6 10. Bh4 Re8 11. Rad1 b6 12. Rfe1 Nf8 13. Bxf6 exf6 14. dxc5 bxc5
15. Qd2 Rb8 16. b3 Re6 17. Nd5 g5 18. h3 Ng6 19. Nh2 f5 20. Bd3 Re8 21. Qc2 Qd7
22. Nf1 Ne5 23. Ng3 Nxd3 24. Qxd3 Bh8 25. Nh5 Qd8 26. Ng3 Qd7 27. e4 f4 28. Nf5
Re6 29. g3 fxg3 30. Qxg3 Kh7 31. Qd3 Be5 32. Re3 Bb7 33. Rf3 a5 34. Nfe3 Bxd5
35. Qxd5 Rg8 36. Ng4 Bd4 37. Rxd4 cxd4 38. Nf6+ Rxf6 39. Rxf6 Rg7 40. Qf5+ Qxf5
41. Rxf5 g4 42. Rxa5 gxh3+ 43. Kh2 Rg2+ 44. Kxh3 Rxf2 45. Rd5 Rxa2 46. Rxd4 Rb2
47. Rd3 Kg7 48. Kg4 Kf6 49. Kf4 Ke6 50. Rh3 f6 51. Rd3 Rb1 52. Rf3 1/2-1/2

[Event "SR 2. liga A 2010/2011"]
[Site "?"]
[Date "2010.10.23"]
[Round "4.8"]
[White "Kahancova, Jana"]
[Black "Dolnak, Michal"]
[Result "0-1"]
[WhiteElo "1581"]
[BlackElo "1878"]
[PlyCount "88"]
[EventDate "2010.??.??"]
[WhiteTeam "Slovakia"]
[BlackTeam "II"]
[WhiteTeamCountry "SVK"]
[BlackTeamCountry "SVK"]

1. e4 e5 2. Nf3 Nc6 3. Bc4 Bc5 4. d3 Nf6 5. Nc3 d6 6. Bg5 h6 7. Bh4 g5 8. Bg3
Bd7 9. Nd2 Qe7 10. Qe2 Nd4 11. Qd1 O-O-O 12. Nb3 Nxb3 13. Bxb3 h5 14. h4 g4 15.
Qd2 Be6 16. Bxe6+ Qxe6 17. O-O-O Bb4 18. Kb1 d5 19. a3 Ba5 20. b4 Bb6 21. exd5
Nxd5 22. Rhe1 Nxc3+ 23. Qxc3 Bd4 24. Qd2 f6 25. c3 Qb3+ 26. Qb2 Qxc3 27. Qxc3
Bxc3 28. Re2 a6 29. Rc2 Bd4 30. a4 Kd7 31. Rdc1 c6 32. Ka2 Rc8 33. Kb3 b5 34.
axb5 cxb5 35. Rxc8 Rxc8 36. Rxc8 Kxc8 37. f4 exf4 38. Bxf4 Kd7 39. g3 Kc6 40.
Kc2 Kd5 41. Kb3 Be5 42. Kc2 Bxf4 43. gxf4 g3 44. Kd2 g2 0-1

[Event "SR 2. liga A 2010/2011"]
[Site "?"]
[Date "2010.10.23"]
[Round "5.1"]
[White "Kovac, Andrej"]
[Black "Doucha, Ludvik"]
[Result "0-1"]
[WhiteElo "2132"]
[BlackElo "2099"]
[PlyCount "94"]
[EventDate "2010.??.??"]
[WhiteTeam "Slovakia"]
[BlackTeam "II"]
[WhiteTeamCountry "SVK"]
[BlackTeamCountry "SVK"]

1. c4 Nf6 2. Nc3 c5 3. g3 d5 4. cxd5 Nxd5 5. Bg2 Nc7 6. Nf3 Nc6 7. O-O e5 8. d3
Be7 9. Be3 Be6 10. Ne4 b6 11. Qa4 Qd7 12. Nc3 Rd8 13. Ng5 Bd5 14. Nxd5 Nxd5 15.
Ne4 Nd4 16. Qd1 Nxe3 17. fxe3 Ne6 18. Qb3 O-O 19. Bh3 Qc6 20. Rxf7 Kxf7 21.
Bxe6+ Kg6 22. g4 Kh6 23. g5+ Bxg5 24. Nxg5 Kxg5 25. Qc4 h5 26. Bf7 b5 27. h4+
Kh6 28. Qe6+ Qxe6 29. Bxe6 Rf6 30. Bb3 Rdf8 31. Rc1 Rg6+ 32. Kh1 Rc8 33. Kh2 c4
34. dxc4 Rg4 35. Kh3 bxc4 36. Bc2 e4 37. Rd1 Rf8 38. Rd4 Rf1 39. Kh2 Rf2+ 40.
Kh1 Rf1+ 41. Kh2 Rf2+ 42. Kh1 Rxh4+ 43. Kg1 Rxe2 44. Bxe4 Rg4+ 45. Kf1 Rxe3 46.
Rd6+ g6 47. Bd5 Rd4 0-1

[Event "SR 2. liga A 2010/2011"]
[Site "?"]
[Date "2010.10.23"]
[Round "5.2"]
[White "Arendas, Marek"]
[Black "Madar, Martin"]
[Result "1-0"]
[WhiteElo "2089"]
[BlackElo "2117"]
[PlyCount "71"]
[EventDate "2010.??.??"]
[WhiteTeam "Slovakia"]
[BlackTeam "II"]
[WhiteTeamCountry "SVK"]
[BlackTeamCountry "SVK"]

1. e4 d5 2. exd5 Nf6 3. d4 Nxd5 4. Nf3 g6 5. Be2 Bg7 6. c3 O-O 7. Nbd2 Nf4 8.
O-O Nxe2+ 9. Qxe2 Re8 10. Ne5 f6 11. Qc4+ e6 12. Nef3 Nd7 13. Re1 Nb6 14. Qb3
Bd7 15. Qc2 Bc6 16. h4 Qd5 17. b3 Qh5 18. Bb2 Nd5 19. Nf1 Nf4 20. Ng3 Qg4 21.
Re3 Bh6 22. Rae1 Nh5 23. Nh2 Qxh4 24. Nf3 Qg4 25. Nh2 Qh4 26. Nf3 Bxf3 27. Rxf3
Nxg3 28. fxg3 Qg4 29. Rxf6 Qxg3 30. Qf2 Qxf2+ 31. Kxf2 e5 32. d5 e4 33. Ke2
Rad8 34. Rd1 Re5 35. d6 c6 36. d7 1-0

[Event "SR 2. liga A 2010/2011"]
[Site "?"]
[Date "2010.10.23"]
[Round "5.3"]
[White "Hrivnak, Martin"]
[Black "Liptak, Dusan"]
[Result "0-1"]
[WhiteElo "2143"]
[BlackElo "2086"]
[PlyCount "72"]
[EventDate "2010.??.??"]
[WhiteTeam "Slovakia"]
[BlackTeam "II"]
[WhiteTeamCountry "SVK"]
[BlackTeamCountry "SVK"]

1. d4 Nf6 2. Nf3 e6 3. g3 d5 4. Bg2 c5 5. O-O Nc6 6. b3 cxd4 7. Nxd4 Bc5 8. Bb2
Qb6 9. Nxc6 bxc6 10. Nc3 Be7 11. Na4 Qa5 12. c4 O-O 13. Rc1 Ba6 14. Bc3 Qd8 15.
cxd5 cxd5 16. Qd2 Qd6 17. Qb2 Bb5 18. Be5 Qa6 19. Nc5 Qb6 20. Bd4 e5 21. Nd7
Qxd4 22. Qxd4 exd4 23. Nxf8 Kxf8 24. Rfd1 Bxe2 25. Rxd4 Rd8 26. Rc2 Bg4 27. Rc7
Be6 28. b4 Rb8 29. a3 a5 30. Rc1 axb4 31. axb4 Rxb4 32. Rd3 Rc4 33. Ra1 Bb4 34.
Bf1 Rc2 35. Rb3 Bc5 36. Rb7 g6 0-1

[Event "SR 2. liga A 2010/2011"]
[Site "?"]
[Date "2010.10.23"]
[Round "5.4"]
[White "Hertel, Ondrej"]
[Black "Kralovic, Andrej"]
[Result "0-1"]
[WhiteElo "2072"]
[BlackElo "2166"]
[PlyCount "106"]
[EventDate "2010.??.??"]
[WhiteTeam "Slovakia"]
[BlackTeam "II"]
[WhiteTeamCountry "SVK"]
[BlackTeamCountry "SVK"]

1. d4 d5 2. c4 e6 3. Nc3 c6 4. Nf3 Bd6 5. e3 f5 6. Ne5 Nf6 7. f4 O-O 8. Be2 Qe7
9. O-O b6 10. b3 Bb7 11. Bb2 Nbd7 12. Bf3 Rac8 13. a4 Bb4 14. Na2 Bd6 15. Nc3
Bb4 16. Na2 Bd6 17. Nc1 a5 18. Ncd3 Rfd8 19. Rc1 Ne4 20. Qe1 Nxe5 21. fxe5 Ba3
22. c5 Bxb2 23. Nxb2 Ba6 24. Bxe4 Bxf1 25. Bf3 Ba6 26. cxb6 Qb7 27. Qxa5 Rb8
28. Qc5 Qxb6 29. Bd1 Rdc8 30. Kf2 Qxc5 31. Rxc5 Kf7 32. Ke1 Ke7 33. Kd2 Kd7 34.
Nd3 Bxd3 35. Kxd3 Rb7 36. Kc3 g5 37. a5 Rcb8 38. g3 g4 39. a6 Rb5 40. Rxb5 Rxb5
41. b4 Kc7 42. Be2 Rb8 43. b5 cxb5 44. Kb4 Kb6 45. Bxb5 Rd8 46. Ka4 Ra8 47. Kb4
Ra7 48. Bf1 h5 49. Bb5 Rh7 50. Bd3 h4 51. Bb5 h3 52. Bd3 Rc7 53. Kb3 Rc1 0-1

[Event "SR 2. liga A 2010/2011"]
[Site "?"]
[Date "2010.10.23"]
[Round "5.5"]
[White "Sebo, Viktor"]
[Black "Sturdik, Igor"]
[Result "0-1"]
[WhiteElo "1903"]
[BlackElo "2071"]
[PlyCount "74"]
[EventDate "2010.??.??"]
[WhiteTeam "Slovakia"]
[BlackTeam "II"]
[WhiteTeamCountry "SVK"]
[BlackTeamCountry "SVK"]

1. e4 Nf6 2. e5 Nd5 3. d4 d6 4. c4 Nb6 5. f4 dxe5 6. fxe5 Nc6 7. Be3 Bf5 8. Bd3
Bxd3 9. Qxd3 Nxe5 10. Qb3 Nexc4 11. Nf3 Nxe3 12. Qxe3 e6 13. O-O Be7 14. Nc3
O-O 15. Rac1 Rc8 16. Ne4 Nd5 17. Qb3 Nf4 18. Rc2 Qd5 19. Qe3 Ng6 20. Rcf2 c5
21. dxc5 Bxc5 22. Nxc5 Qxc5 23. Qe4 Qc6 24. Qe3 Qb6 25. Qe4 e5 26. Kh1 f6 27.
h4 Rfd8 28. h5 Nf4 29. h6 Rc1 30. Rxc1 Qxf2 31. Qc4+ Kh8 32. hxg7+ Kxg7 33.
Qc7+ Kh6 34. Rc2 Qf1+ 35. Kh2 Rg8 36. Nh4 Ne2 37. Qc5 Qf4+ 0-1

[Event "SR 2. liga A 2010/2011"]
[Site "?"]
[Date "2010.10.23"]
[Round "5.6"]
[White "Puchart, Vladimir"]
[Black "Chovanec, Vladimir"]
[Result "0-1"]
[WhiteElo "2064"]
[BlackElo "2082"]
[PlyCount "64"]
[EventDate "2010.??.??"]
[WhiteTeam "Slovakia"]
[BlackTeam "II"]
[WhiteTeamCountry "SVK"]
[BlackTeamCountry "SVK"]

1. d4 Nf6 2. c4 g6 3. Nc3 Bg7 4. e4 d6 5. f3 a6 6. Be3 c6 7. Qd2 b5 8. Bh6 O-O
9. h4 e5 10. Nge2 bxc4 11. h5 Ra7 12. O-O-O Qa5 13. Bxg7 Kxg7 14. dxe5 dxe5 15.
Qd6 Be6 16. Nd4 exd4 17. Qxd4 Qg5+ 18. Kb1 Rd7 19. Qf2 Rxd1+ 20. Nxd1 Nxh5 21.
g3 Rd8 22. Be2 Qxg3 23. Qb6 Rd2 24. Nc3 Nd7 25. Qb4 Qg2 26. Rc1 Rxe2 27. Nxe2
Qxe2 28. Qc3+ Nhf6 29. Re1 Qd3+ 30. Qxd3 cxd3 31. Rd1 Ne5 32. f4 Bg4 0-1

[Event "SR 2. liga A 2010/2011"]
[Site "?"]
[Date "2010.10.23"]
[Round "5.7"]
[White "Stefan, Oldrich"]
[Black "Mosny, Jaroslav"]
[Result "0-1"]
[WhiteElo "1979"]
[BlackElo "1982"]
[PlyCount "44"]
[EventDate "2010.??.??"]
[WhiteTeam "Slovakia"]
[BlackTeam "II"]
[WhiteTeamCountry "SVK"]
[BlackTeamCountry "SVK"]

1. d4 Nf6 2. Nf3 e6 3. g3 b6 4. Bg2 Bb7 5. O-O Be7 6. c4 O-O 7. Nc3 d5 8. cxd5
Nxd5 9. Qc2 c5 10. dxc5 Bxc5 11. Ng5 g6 12. Nxd5 exd5 13. Bf4 Nd7 14. Rfd1 Nf6
15. Qb3 Qe7 16. Bf3 Rad8 17. Rac1 Ne4 18. Nh3 Bc8 19. g4 Qh4 20. Bxe4 dxe4 21.
Rxd8 Rxd8 22. Qg3 Qxg4 0-1

[Event "SR 2. liga A 2010/2011"]
[Site "?"]
[Date "2010.10.23"]
[Round "5.8"]
[White "Hagara, Vladimir"]
[Black "Koutny, Pavel"]
[Result "0-1"]
[WhiteElo "1900"]
[BlackElo "1834"]
[PlyCount "86"]
[EventDate "2010.??.??"]
[WhiteTeam "Slovakia"]
[BlackTeam "II"]
[WhiteTeamCountry "SVK"]
[BlackTeamCountry "SVK"]

1. d4 Nf6 2. c4 c5 3. d5 e6 4. Nc3 exd5 5. cxd5 d6 6. e4 g6 7. Be2 Bg7 8. Nf3
O-O 9. O-O Re8 10. Qc2 Na6 11. a3 Rb8 12. Re1 Nc7 13. a4 Bd7 14. Bf4 Qe7 15.
Nd2 b5 16. axb5 Nxb5 17. Bxb5 Bxb5 18. f3 a6 19. Nb3 Nd7 20. Nxb5 axb5 21. Ra7
c4 22. Nc1 Bd4+ 23. Be3 Bxa7 24. Bxa7 Ra8 25. Bd4 Ne5 26. Qd2 f6 27. f4 Nd7 28.
Qb4 Reb8 29. e5 fxe5 30. fxe5 Ra4 31. Qxd6 Qxd6 32. exd6 Ra6 33. Bf2 b4 34. Bg3
c3 35. b3 Rf8 36. Nd3 Ra3 37. Nxb4 Rxb3 38. Nd3 Rb5 39. Rc1 Rc8 40. Nf4 c2 41.
Bf2 g5 42. Ne6 Rxd5 43. Be3 Re5 0-1

[Event "SR 2. liga A 2010/2011"]
[Site "?"]
[Date "2010.10.23"]
[Round "6.1"]
[White "Certek, Pavel"]
[Black "Kundrik, Peter"]
[Result "1-0"]
[WhiteElo "2250"]
[BlackElo "2226"]
[PlyCount "57"]
[EventDate "2010.??.??"]
[WhiteTeam "Slovakia"]
[BlackTeam "II"]
[WhiteTeamCountry "SVK"]
[BlackTeamCountry "SVK"]

1. d4 Nf6 2. Nf3 g6 3. g3 Bg7 4. Bg2 O-O 5. O-O d6 6. b3 Nc6 7. Bb2 Ne4 8. Qc1
e5 9. dxe5 dxe5 10. Rd1 Qf6 11. Nbd2 Nxd2 12. Qxd2 Bg4 13. h3 Rad8 14. Qe3 Bf5
15. g4 Bc8 16. Rd3 Nd4 17. Rad1 c5 18. g5 Qe6 19. c3 e4 20. Nxd4 cxd4 21. Qxe4
Qxe4 22. Bxe4 Rde8 23. f3 dxc3 24. Bxc3 Bxh3 25. Bb4 Re5 26. Bxf8 Bxf8 27. Rd5
Re7 28. Rd8 Kg7 29. Rb8 1-0

[Event "SR 2. liga A 2010/2011"]
[Site "?"]
[Date "2010.10.23"]
[Round "6.2"]
[White "Mihalik, Marek"]
[Black "Tepper, Frantisek"]
[Result "1/2-1/2"]
[WhiteElo "2080"]
[BlackElo "2162"]
[PlyCount "77"]
[EventDate "2010.??.??"]
[WhiteTeam "Slovakia"]
[BlackTeam "II"]
[WhiteTeamCountry "SVK"]
[BlackTeamCountry "SVK"]

1. d4 Nf6 2. c4 c5 3. d5 e5 4. Nc3 d6 5. e4 Be7 6. Bd3 O-O 7. h3 h6 8. Nf3 a6
9. Qe2 Nh7 10. g4 Re8 11. Be3 Nd7 12. O-O-O Ndf8 13. Nd2 Bg5 14. Nf1 Ng6 15.
Kb1 Rb8 16. Ng3 Nf4 17. Bxf4 Bxf4 18. Nf5 g6 19. Ne3 Bxe3 20. Qxe3 Qg5 21. Qg3
Bd7 22. Rdg1 Nf6 23. Be2 b5 24. h4 Qd2 25. g5 bxc4 26. Nd1 Nxe4 27. Qe3 Qxe3
28. fxe3 h5 29. Kc1 Bf5 30. Bxc4 a5 31. Rh2 Rb4 32. Bd3 c4 33. Bxe4 Bxe4 34.
Nc3 Bf5 35. e4 Bg4 36. Rf2 Re7 37. a3 Rb3 38. Rf6 Rd7 39. Rgf1 1/2-1/2

[Event "SR 2. liga A 2010/2011"]
[Site "?"]
[Date "2010.10.23"]
[Round "6.3"]
[White "Fabry, Robert"]
[Black "Benovic, Marek"]
[Result "1-0"]
[WhiteElo "2190"]
[BlackElo "1988"]
[PlyCount "39"]
[EventDate "2010.??.??"]
[WhiteTeam "Slovakia"]
[BlackTeam "II"]
[WhiteTeamCountry "SVK"]
[BlackTeamCountry "SVK"]

1. e4 c6 2. d4 d5 3. exd5 cxd5 4. c4 Nf6 5. Nf3 e6 6. Nc3 Be7 7. Bg5 dxc4 8.
Bxc4 O-O 9. O-O Nbd7 10. Re1 Qa5 11. Rc1 Nb6 12. Bb3 Rd8 13. Re5 Qb4 14. a3 Qd6
15. Nb5 Qd7 16. Nc7 Rb8 17. Nxe6 fxe6 18. Rxc8 Nbd5 19. Rxb8 Rxb8 20. Qe2 1-0

[Event "SR 2. liga A 2010/2011"]
[Site "?"]
[Date "2010.10.23"]
[Round "6.4"]
[White "Stepanovic, Branislav"]
[Black "Mikulas, Dusan"]
[Result "1/2-1/2"]
[WhiteElo "2011"]
[BlackElo "2122"]
[PlyCount "61"]
[EventDate "2010.??.??"]
[WhiteTeam "Slovakia"]
[BlackTeam "II"]
[WhiteTeamCountry "SVK"]
[BlackTeamCountry "SVK"]

1. e4 e5 2. Nf3 Nc6 3. Bb5 Nge7 4. O-O d6 5. d4 exd4 6. Nxd4 a6 7. Nxc6 Nxc6 8.
Ba4 Be7 9. Nc3 b5 10. Bb3 Na5 11. Nd5 Nxb3 12. axb3 O-O 13. Bd2 Bf6 14. Ba5 Ra7
15. Nxf6+ Qxf6 16. Qd3 c5 17. Bc3 Qg6 18. Qg3 Qh6 19. Rfd1 Rd7 20. b4 c4 21.
Rd5 f5 22. Rxf5 Rxf5 23. exf5 d5 24. Qe5 Qd6 25. Qe8+ Qf8 26. Qxf8+ Kxf8 27.
Bd4 Rf7 28. Re1 Rxf5 29. Bc5+ Kf7 30. Re7+ Kg6 31. Bd4 1/2-1/2